Joueurs de football par prénom - Statistiques

Statistiques générales
  • Ce quiz a été pris 6 927 fois
  • Le résultat moyen est 14 sur 20
Statistiques - réponses
Prenom Nom de famille % Correct
Cristiano Ronaldo
99%
Lionel Messi
99%
Kylian Mbappe
96%
Kevin De Bruyne
93%
Harry Kane
91%
Robert Lewandowski
90%
Mohamed Salah
89%
Sadio Mane
87%
Virgil Van Dijk
86%
Manuel Neuer
85%
Mario Balotelli
81%
Hakim Ziyech
79%
Riyad Mahrez
61%
Juan Cuadrado
54%
Heung-min Son
47%
Erling Braut Haaland
31%
Matt Doherty
28%
Takumi Minamino
25%
Sergej Milinkovic-Savic
24%
Aaron Mooy
17%
Aucun quiz correspondant
Distribution des résultats
% des personnes avec chaque résultat
Percentile par nombre de réponses
Votre historique - résultats
Vous n’avez pas pris ce quiz